Top Teammates of Stephen Curry - Statistics

General Stats
  • This quiz has been taken 1,979 times
    1,514 since last reset
  • The average score is 6 of 9
Answer Stats
Win Shares Position Years Teammate % Correct
55.2 SG 2011–2024 Klay Thompson
99%
66.3 PF 2012– Draymond Green
98%
33.9 SF 2016–2019 Kevin Durant
95%
31.2 SF 2013–2019, 2021–2023 Andre Iguodala
78%
17.9 SF 2019–2025 Andrew Wiggins
69%
37.4 C 2015–2025 Kevon Looney
69%
19.2 C 2010–2016 Andrew Bogut
53%
17.7 SF 2012–2016 Harrison Barnes
45%
31.0 PF 2010–2015 David Lee
34%
No matching quizzes found
Score Distribution
Percent of People with Each Score
Percentile by Number Answered
Your Score History
You have not taken this quiz since the last reset